Občanská demokratická strana a česká politika : ODS v českém politickém systému v letech 1991-2006 /

Hlavní autor: Balík, Stanislav, 1978-
Jazyk: Čeština
Vydáno: Brno : Centrum pro studium demokracie a kultury (CDK), 2006
Vydání: 1. vyd.
Témata:
Externí odkaz: Digitalizovaný dokument
Fyzický popis: 327 s. ; 24 cm
Knihy
Uloženo v:
LEADER 02297nam a2200577 a 4500
001 nkc20061645665
003 CZ PrNK
005 20210313190503.0
007 ta
008 060306s2006 xr e 000 0 cze
015 |a cnb001645665 
020 |a 80-7325-079-9  |q (brož.) :  |c Kč 298,00 
035 |a (OCoLC)71294409 
040 |a ABA001  |b cze 
043 |a e-xr--- 
045 |a x9y0 
072 7 |a 329  |x Politické strany a hnutí  |2 Konspekt  |9 15 
080 |a 329.1/.6  |2 MRF 
080 |a 329.055.2  |2 MRF 
080 |a 328/329  |2 MRF 
080 |a (437.3)  |2 MRF 
080 |a (048.8)  |2 MRF 
080 |a (082)  |2 MRF 
100 1 |a Balík, Stanislav,  |d 1978-  |7 jn20010309401  |4 aut 
245 1 0 |a Občanská demokratická strana a česká politika :  |b ODS v českém politickém systému v letech 1991-2006 /  |c Stanislav Balík a kol. 
246 3 0 |a ODS v českém politickém systému v letech 1991-2006 
250 |a 1. vyd. 
260 |a Brno :  |b Centrum pro studium demokracie a kultury (CDK),  |c 2006 
300 |a 327 s. ;  |c 24 cm 
500 |a Chronologický přehled 
504 |a Obsahuje bibliografie a bibliografické odkazy 
610 2 7 |a Občanská demokratická strana  |7 kn20010709079  |2 czenas 
648 4 |a 1991-2006 
650 0 7 |a politické strany  |7 ph115790  |z Česko  |y 1991-2010  |2 czenas 
650 0 7 |a pravice  |7 ph124561  |z Česko  |y 1991-2010  |2 czenas 
650 0 9 |a political parties  |z Czechia  |y 1991-2010  |2 eczenas 
650 0 9 |a right (political science)  |z Czechia  |y 1991-2010  |2 eczenas 
651 7 |a Česko  |7 ge128065  |x politika a vláda  |y 1991-2010  |2 czenas 
651 9 |a Czechia  |x politics and government  |y 1991-2010  |2 eczenas 
655 7 |a studie  |7 fd133597  |2 czenas 
655 7 |a sborníky  |7 fd163935  |2 czenas 
655 9 |a studies  |2 eczenas 
655 9 |a miscellanea  |2 eczenas 
856 4 1 |u http://www.digitalniknihovna.cz/mzk/uuid/uuid:0f07fc30-3b77-11ea-8f9e-005056827e51  |y Digitalizovaný dokument  |x NDK 
910 2 |a BOA001  |b 2-1167.108 
928 9 |a CDK (Centrum pro studium demokracie a kultury) 
990 |a BK 
995 |a 01 
991 |b 200605  |c NOV 
996 6 |b 2610277310  |c 2-1167.108  |l MZK  |r Sklad / do 1 hodiny  |n 1  |p p.v.  |w 000812615  |u 000010  |a 1  |e BOA001  |j MZK50  |s P 
996 7 |b 2610277936  |c 2-1167.108  |l MZK  |r Sklad / do 1 hodiny  |n 27  |p kup  |w 000812615  |u 000020  |a 1  |e BOA001  |j MZK50  |s A